LEADER 02999nam1 22006013i 450 001 RAV0087828 005 20251003044322.0 100 $a19900130d1973 ||||0itac50 ba 101 | $aita$cita 102 $ait 105 $a|||| |||c| 181 1$6z01$ai $bxxxe 182 1$6z01$an 183 1$6z01$anc$2RDAcarrier 200 1 $aStoria del sindacalismo italiano$edalla nascita al fascismo$fIdomeneo Barbadoro 210 $aFirenze$cLa nuova Italia$d1973 215 $a2 volumi$d21 cm 225 | $aBiblioteca di storia$v5 410 0$1001CFI0069613$12001 $aBiblioteca di storia$v5 463 1$1001CSA0041371$12001 $aˆ1.: La ‰federterra$fIdomeneo Barbadoro$v1 463 1$1001RAV0087829$12001 $aˆ1: La ‰Federterra$fIdomeneo Barbadoro$v1 463 1$1001RAV0087837$12001 $aˆ2: La ‰Confederazione generale del lavoro$fIdomeneo Barbadoro$v2 463 1$1001RCA0698287$12001 $aˆ2: La ‰Confederazione generale del lavoro$fIdomeneo Barbadoro$v2 463 1$1001UFI0120059$12001 $aˆ2: La ‰Confederazione generale del lavoro$fIdomeneo Barbadoro$v2 463 1$1001UFI0120062$12001 $aˆ1: La ‰Federterra$fIdomeneo Barbadoro$v1 500 10$aStoria del sindacalismo italiano$3UM10210408$9CFIV054999$965841 606 $aSindacalismo$xItalia$xStoria$xOrigini-1921$2FIR$3BVEC111372$9I 620 $aIT$dFirenze$3RMSL001067 676 $a331.8$9Sindacati, contrattazione e controversie collettive$v14 676 $a331.8$9SINDACATI, CONTRATTAZIONE COLLETTIVA E VERTENZE$v21 676 $a331.88$9SINDACATI$v12 676 $a331.88$9SINDACATI$v21 676 $a331.880945$9SINDACATI. Italia$v19 676 $a331.880945$9SINDACATI. Italia$v20 676 $a331.880945$9SINDACATI. Italia$v21 676 $a331.880945$9Sindacati. Italia$v22 686 $aIT/X436.8$cORGANIZZAZIONI SINDACALI ED ALTRE ITALIA$2R 700 1$aBarbadoro$b, Idomeneo$3CFIV054999$4070$0128191 801 3$aIT$bIT-000000$c19900130 850 $aIT-BN0095 $aIT-NA0602 $aIT-SA0060 $aIT-NA0079 $aIT-CE0068 $aIT-NA0581 $aIT-NA0666 $aIT-NA0230 $aIT-NA0695 $aIT-NA0097 901 $bNAP GV$cF. MODERNO$n$ 901 $bNAP 27$cCARRANO $nLibri donati dal libraio Umberto Carrano 901 $bNAP 07$cALBERTI $nSezione unica della Biblioteca del Liceo scientifico L.B. Alberti 901 $bNAP PG$cBIBLIOTECA$n$ 901 $bNAP CP$cFM $n$ 901 $bNAP FC$cFONDO $n$ 901 $bNAP 01$cPOZZO LIB.$nVi sono collocati fondi di economia, periodici di ingegneria e scienze, periodici di economia e statistica e altri fondi comprendenti documenti di economia pervenuti in dono. 912 $aRAV0087828 950 1$aBiblioteca Centralizzata di Ateneo$cv. 1$d 01POZZO LIB.ECON MON 2900 967 $m6 977 $a 01$a 07$a 27$a BN$a CP$a FC$a GV$a IR$a PG$a SP 996 $aStoria del sindacalismo italiano$965841 997 $aUNISANNIO